Fill in the Blanks K-pop (Illit Ver.) - Statistics

General Stats
  • This quiz has been taken 119 times
  • The average score is 3 of 6
Answer Stats
Hint Answer % Correct
Our chemistry (baby, you're my _____, you're my ______) crush
82%
No push and pull (in a ____, in a _____) rush
68%
I say, "I'm ______!" lucky
63%
mode, ______, _______ click
39%
We're __________ magnetized
33%
_________, you and me together
20%
No matching quizzes found
Score Distribution
Percent of People with Each Score
Percentile by Number Answered
Your Score History
You have not taken this quiz